书目信息 |
| 题名: |
论交易组织及其生成和演变
|
|
| 作者: | 张群群 著 | |
| 分册: | ||
| 出版信息: | 北京 中国人民大学出版社 1999.03 |
|
| 页数: | 355页 | |
| 开本: | 32开 | |
| 丛书名: | ||
| 单 册: | ||
| 中图分类: | F712-09 | |
| 科图分类: | ||
| 主题词: | 商业经济--国内 | |
| 电子资源: | ||
| ISBN: | 7-300-02936-1 | |
| 000 | 00587nam0 2200193 45 | |
| 001 | 0103191493 | |
| 005 | 20010319145135.4 | |
| 010 | @a7-300-02936-1@d23.00元 | |
| 100 | @a20010319d1999 km y0chiy0120 ea | |
| 101 | 0 | @achi |
| 105 | @a z 000yy | |
| 200 | 1 | @a论交易组织及其生成和演变@ALun Jiao Yi Zu Zhi Ji Qi Sheng Cheng He Yan Bian@f张群群著@FZhang Qun Qun Zhu |
| 210 | @a北京@c中国人民大学出版社@d1999.03 | |
| 215 | @a355页@d32开 | |
| 606 | 0 | @a商业经济@x国内 |
| 690 | @aF712-09@v3 | |
| 701 | 0 | @a张群群@4著 |
| 801 | @aCN@bPftUser@c20010319 | |
| 905 | @b330120-122@dF712-09@eZH688@f3 | |
| 论交易组织及其生成和演变/张群群著.-北京:中国人民大学出版社,1999.03 |
| 355页;32开 |
| ISBN 7-300-02936-1:23.00元 |
| ● |
| 相关链接 |
|
|
|
正题名:论交易组织及其生成和演变
索取号:F712-09/ZH688
 
预约/预借
| 序号 | 登录号 | 条形码 | 馆藏地/架位号 | 状态 | 备注 |
| 1 | 330120 | 203301202 | 社科库409/409社科库 40排5列2层/ [索取号:F712-09/ZH688] | 在馆 | |
| 2 | 330121 | 203301211 | 社科库409/409社科库 40排5列2层/ [索取号:F712-09/ZH688] | 在馆 | |
| 3 | 330122 | 203301220 | 社科库409/422社科库 36排2列1层/ [索取号:F712-09/ZH688] | 在馆 |